Noem de top 25 grootste eilanden ter wereld - Statistieken

Algemene statistieken
  • Deze quiz is 11 keer genomen
  • De gemiddelde score is 9 van 25
Antwoordstatistieken
Hint16 Antwoord % Correct
1 Groenland
89%
4 Madagaskar
89%
3 Borneo
67%
13 Java
67%
6 Sumatra
67%
9 Groot-Brittannië
56%
20 Ierland
56%
18 IJsland
56%
25 Sri Lanka
56%
16 Cuba
44%
7 Honshū
44%
22 Hispaniola
33%
2 Nieuw-Guinea
33%
14 Eil Noordereiland
33%
12 Eil Zuidereiland
33%
5 Baffin
22%
11 Sulawesi
22%
15 Newfoundland
22%
24 Banks
11%
10 Ellesmere
11%
21 Hokkaido
11%
19 Mindanao
11%
8 Victoria
11%
17 Luzon
0%
23 Sachalin
0%
Geen overeenkomende quizzen gevonden
Scoreverdeling
Procent van Mensen met Elke Score
Percentiel versus Aantal Correcte Antwoorden
Uw Scoregeschiedenis
U heeft deze quiz nog niet genomen